000 00638nam a2200229Ia 4500
003 OSt
005 20220927104637.0
006 a|||||r|||| 00| 0
007 ta
008 220926b |||||||| |||| 00| 0 eng d
024 _a151849
037 _cReference Collections
040 _aRTL
_cRTL
_beng
041 _2eng
_aeng
082 _a"Y.5.1sN77, N1/UN"
110 _aWorld Population Trends and Policies
_9366601
245 0 _aReport
260 _c1991
700 _aWorld Population Trends and Policies
_9366602
942 _h"Y.5.1sN77, N1/UN"
_cCC
999 _c688163
_d688163